Gate 2020 Computer Science and IT (Record no. 6853)

MARC details
000 -LEADER
fixed length control field 00278nam a2200121Ia 4500
008 - FIXED-LENGTH DATA ELEMENTS--GENERAL INFORMATION
fixed length control field 191201s2019 xx 000 0 und d
100 ## - MAIN ENTRY--PERSONAL NAME
Personal name Made Easy
245 #0 - TITLE STATEMENT
Title Gate 2020 Computer Science and IT
260 ## - PUBLICATION, DISTRIBUTION, ETC. (IMPRINT)
Name of publisher, distributor, etc Made Easy
Date of publication, distribution, etc 2019
300 ## - PHYSICAL DESCRIPTION
Extent 704
650 ## - SUBJECT ADDED ENTRY--TOPICAL TERM
Topical term or geographic name as entry element MCA
942 ## - ADDED ENTRY ELEMENTS (KOHA)
Source of classification or shelving scheme Dewey Decimal Classification
Koha item type Text Books
Holdings
Withdrawn status Lost status Source of classification or shelving scheme Damaged status Not for loan Collection code Home library Current library Date acquired Source of acquisition Cost, normal purchase price Bill Number Total Checkouts Acc. no. / Barcode Checked out Date last seen Date last borrowed Actual Cost, discounted price Bill Date Koha item type Public note
    Dewey Decimal Classification     MCA PIET C-LIBRARY PIET C-LIBRARY 21/07/2020 Kirti Prakashan 850.00 IN3893 2 30566 22/03/2021 23/09/2020 23/09/2020 637.50 16/05/2019 Text Books  
    Dewey Decimal Classification     MCA PIET C-LIBRARY PIET C-LIBRARY 21/07/2020 Kirti Prakashan 850.00 IN3893 1 30567 01/02/2021 05/08/2020 05/08/2020 637.50 16/05/2019 Text Books  
    Dewey Decimal Classification     GENERAL PIET C-LIBRARY PIET C-LIBRARY 21/07/2020 Kirti Prakashan 850.00 IN3893 8 30568 10/07/2023 10/01/2023 10/01/2023 637.50 16/05/2019 Text Books Competition

Design & Developed by: PIET Central Library
R70 Miles Stone Pattikalyana Samalkha Panipat 132102
mail ID :- [email protected], Phone No:- 0180-2569700 Ex.216